| 000 | 00882na a2200277 4500 | ||
|---|---|---|---|
| 999 |
_c13487 _d13487 |
||
| 001 | 13509 | ||
| 003 | MIRAKIL | ||
| 005 | 20190919145042.0 | ||
| 008 | 160828b tu 000 0 | ||
| 020 | _a9750074475 | ||
| 035 | _a13509 | ||
| 040 |
_aTR-AnCHP _btur _cTR-AnCHP |
||
| 041 | _atur | ||
| 082 |
_a324.2 _bE75c 2006 |
||
| 100 | _aEsmer, Gülsüm Tütüncü | ||
| 245 |
_aCHP : 1965-1980: _bTürk siyasal yaşamında ortanın solu / _cGülsüm Tütüncü Esmer. |
||
| 246 | _aTürk siyasal yaşamında ortanın solu | ||
| 260 |
_aAntalya: _bYeniden Anadolu ve Rumeli Müdafaa-i Hukuk Yayınları, _c2006. |
||
| 300 |
_a200 s.: _bres.; grf.; tbl., _c21 sm. |
||
| 504 | _aKaynakça vardır. | ||
| 610 |
_aCHP _xTarih _y1965-1980 |
||
| 650 |
_aSiyasal tarih _x1965-1980 _zTürkiye |
||
| 650 |
_aSiyasal partiler _xTarih _zTürkiye |
||
| 942 |
_2ddc _cBKS |
||
| 999 | _d13487 | ||